000 00254nam a2200097Ia 4500
008 240331s9999 xx 000 0 und d
082 _bWOM
100 _aYoung, Kate
245 0 _aWomen and the informed sector :
_bBulletin, July 1981,Vol.12,nO.3
942 _cL
999 _c2664
_d2664